| 000 | 00960cam a22003014a 4500 | ||
|---|---|---|---|
| 001 | 14256616 | ||
| 005 | 20180823085435.0 | ||
| 008 | 060207s2006 mou bf 001 0 eng | ||
| 010 | _a 2006042557 | ||
| 016 | 7 |
_a101268998 _2DNLM |
|
| 020 | _a0721679757 (pbk.) | ||
| 020 | _a9780721679754 | ||
| 035 | _a(OCoLC)ocm64067574 | ||
| 035 | _a(OCoLC)64067574 | ||
| 040 |
_aDNLM/DLC _cDLC _dYDX _dNLM _dBAKER _dMUQ _dYDXCP _dDLC |
||
| 041 | _aeng | ||
| 042 | _apcc | ||
| 080 | _a616.075 | ||
| 082 | 0 | 0 |
_a616.075 _222 |
| 100 | _a3 | ||
| 101 | _aSHM | ||
| 245 | 0 | 0 | _aTietz clinical guide to laboratory tests. |
| 246 | 3 | 0 | _aClinical guide to laboratory tests |
| 504 | _aIncludes bibliographical references and index. | ||
| 906 |
_a7 _bcbc _corignew _d1 _eocip _f20 _gy-gencatlg |
||
| 942 |
_2ddc _cBK |
||
| 999 |
_c47290 _d47290 |
||